000 00508 a2200181 4500
005 20260406114750.0
008 260403b |||||||| |||| 00| 0 eng d
020 _a9781032553092
_c£ 26.99
040 _aMAIN
082 _a822.09
_bP859E
100 _aPotter, Robert
245 _aEnglish morality play: Origins, history, and influence of a dramatic tradition
260 _bRoutledge
_aNew York
_c1975
300 _aviii, 286
650 _aEnglish Literature
650 _aEnglish Drama
942 _cBK
999 _c396462
_d396462